Predaj nehnuteľností

Z obsahu: Takmer celý bytový fond v SR bude v súkromných rukách. Ceny na dražbách zodpovedajú možnostiam v regiónoch.

Gespeichert in:
Bibliographische Detailangaben
1. Verfasser: Zverková, Daniela
Format: Buchkapitel
Sprache:Slowakisch
Schlagworte:
Tags: Tag hinzufügen
Keine Tags, Fügen Sie das erste Tag hinzu!

MARC

LEADER 00000naa a2200000 4500
001 r025035
005 20230921080645.8
041 0 |a slo 
044 |a SK 
245 1 0 |a Predaj nehnuteľností  |c D. Zverková 
520 |a Z obsahu: Takmer celý bytový fond v SR bude v súkromných rukách. Ceny na dražbách zodpovedajú možnostiam v regiónoch. 
610 2 0 |a byty 
610 2 0 |a fond bytový 
610 2 0 |a aukcie 
610 2 0 |a ceny 
610 2 0 |a nehnuteľnosti 
610 2 0 |a predaj 
610 2 0 |a regióny 
610 2 0 |a Slovensko 
100 1 |a Zverková, Daniela